Harry Reid Int. Airport Destinations (Las Vegas, NV, USA) - Statistics

General Stats
  • This quiz has been taken 223 times
    34 since last reset
  • The average score is 118 of 176
Answer Stats
Airline Destination % Correct
Frontier Airlines/Southwest Airlines Chicago (Midway)
100%
American Airlines/Frontier Airlines/United Airlines Chicago (O'Hare)
100%
Allegiant Air Chicago/Rockford
100%
JSX/Southwest Airlines Dallas (Love)
100%
Southwest Airlines Houston (Hobby)
100%
Frontier Airlines/Spirit Airlines/Sun Country Airlines/United Airlines Houston (Intercontinental)
100%
Alaska Airlines/American Airlines/Delta Air Lines/Frontier Airlines/JSX/Southwest Airlines/Spirit Airlines/United Airlines Los Angeles
100%
Aero Los Angeles (Van Nuys)
100%
American Airlines/Frontier Airlines/Spirit Airlines Dallas/Fort Worth
96%
British Airways/Virgin Atlantic London (Heathrow)
96%
American Airlines Miami
96%
American Airlines/Delta Air Lines/Frontier Airlines/JetBlue New York (JFK)
96%
JSX San Diego/Carlsbad
96%
Alaska Airlines/Frontier Airlines/Southwest Airlines/United Airlines San Francisco
96%
Alaska Airlines/Delta Air Lines/Frontier Airlines/Southwest Airlines Seattle/Tacoma
96%
Delta Air Lines/Frontier Airlines/Southwest Airlines Atlanta
91%
Delta Air Lines/Frontier Airlines/Southwest Airlines Austin
91%
American Airlines Charlotte
91%
Frontier Airlines/Southwest Airlines/United Airlines Denver
91%
JSX Denver (Centennial)
91%
Hawaiian Airlines/Southwest Airlines Honolulu
91%
Southwest Airlines/Spirit Airlines Kansas City
91%
Delta Air Lines/Frontier Airlines/Southwest Airlines/Sun Country Airlines Minneapolis/St. Paul
91%
Frontier Airlines/Southwest Airlines/Spirit Airlines San Antonio
91%
Alaska Airlines/Delta Connection/Frontier Airlines/Southwest Airlines San Diego
91%
KLM Amsterdam
87%
Alaska Airlines/Southwest Airlines Anchorage
87%
Southwest Airlines Baltimore
87%
Delta Air Lines/JetBlue Boston
87%
Southwest Airlines Cancún
87%
Delta Air Lines/Southwest Airlines/Spirit Airlines Detroit
87%
Allegiant Air/Frontier Airlines/Southwest Airlines/Spirit Airlines Indianapolis
87%
Allegiant Air/Frontier Airlines/Southwest Airlines Memphis
87%
Aeroméxico/Viva/Volaris Mexico City
87%
Air Canada/Air Canada Rouge/Porter Airlines Montréal (Trudeau)
87%
Southwest Airlines/Spirit Airlines Nashville
87%
JetBlue/Spirit Airlines/United Airlines Newark
87%
American Airlines/Frontier Airlines Philadelphia
87%
Allegiant Air Phoenix/Mesa
87%
American Airlines/Frontier Airlines/Southwest Airlines Phoenix (Sky Harbor)
87%
Air Canada/Air Canada Rouge/Porter Airlines/WestJet Toronto (Pearson)
87%
Air Canada/Flair Airlines/WestJet Vancouver
87%
Southwest Airlines Albuquerque
83%
Southwest Airlines Buffalo
83%
WestJet Calgary
83%
Allegiant Air/Delta Air Lines/Frontier Airlines Cincinnati
83%
Southwest Airlines Colorado Springs
83%
Southwest Airlines Columbus (Glenn)
83%
Aer Lingus Dublin
83%
WestJet Edmonton
83%
JetBlue/Southwest Airlines/Spirit Airlines Fort Lauderdale
83%
Frontier Airlines/Southwest Airlines/Sun Country Airlines Milwaukee
83%
Aeroméxico/Viva Monterrey
83%
Breeze Airways/Southwest Airlines New Orleans
83%
Frontier Airlines/JetBlue/Southwest Airlines Orlando
83%
Air France Paris (Charles de Gaulle)
83%
Southwest Airlines Pittsburgh
83%
Alaska Airlines/Frontier Airlines/Southwest Airlines Portland (OR)
83%
Frontier Airlines/Southwest Airlines Sacramento
83%
Frontier Airlines/Southwest Airlines San Jose (CA)
83%
Southwest Airlines San José (CR)
83%
Alaska Airlines/Frontier Airlines/Southwest Airlines San José del Cabo
83%
Southwest Airlines Tampa
83%
Frontier Airlines/United Airlines Washington (Dulles)
83%
American Airlines/Southwest Airlines Washington (National)
83%
Southwest Airlines Birmingham (AL)
78%
Alaska Airlines/Allegiant Air/Southwest Airlines Boise
78%
Frontier Airlines/JSX/Southwest Airlines/Spirit Airlines Burbank
78%
Frontier Airlines/Southwest Airlines/United Airlines Cleveland
78%
Frontier Airlines/Southwest Airlines El Paso
78%
Allegiant Air/Southwest Airlines Fresno
78%
Aeroméxico/Viva/Volaris Guadalajara
78%
Breeze Airways Jacksonville (FL)
78%
JSX/Southwest Airlines Oakland
78%
Frontier Airlines/Southwest Airlines Oklahoma City
78%
Frontier Airlines/JSX/Southwest Airlines/Spirit Airlines Reno/Tahoe
78%
Delta Air Lines/Frontier Airlines/JSX/Southwest Airlines Salt Lake City
78%
Frontier Airlines/Southwest Airlines Tucson
78%
WestJet Winnipeg
78%
Allegiant Air Belleville/St. Louis
74%
Allegiant Air/Southwest Airlines Des Moines
74%
Breeze Airways Fort Myers
74%
Southwest Airlines Long Beach
74%
Southwest Airlines Louisville
74%
Allegiant Air/Southwest Airlines Omaha
74%
Frontier Airlines/Southwest Airlines Ontario (CA)
74%
Porter Airlines Ottawa
74%
Delta Air Lines/Frontier Airlines/Southwest Airlines Raleigh/Durham
74%
Breeze Airways Richmond
74%
Frontier Airlines/Southwest Airlines St. Louis
74%
Allegiant Air/Southwest Airlines Tulsa
74%
Edelweiss Air Zürich
74%
Southwest Airlines Albany
70%
Spirit Airlines Charleston (SC)
70%
Allegiant Air Fargo
70%
Allegiant Air/Southwest Airlines Grand Rapids
70%
Breeze Airways Hartford
70%
Sun Country Airlines Madison
70%
Virgin Atlantic Manchester (UK)
70%
WestJet Saskatoon
70%
Korean Air Seoul (Incheon)
70%
Allegiant Air/Southwest Airlines Spokane
70%
Allegiant Air Cedar Rapids/Iowa City
65%
Allegiant Air/Southwest Airlines Eugene
65%
Southwest Airlines Little Rock
65%
Copa Airlines Panama City (Tocumen)
65%
Allegiant Air Sioux Falls
65%
Qantas Sydney
65%
Allegiant Air/Southwest Airlines Wichita
65%
Breeze Airways Akron/Canton
61%
Allegiant Air/Southwest Airlines Bozeman
61%
Condor/Discover Airlines Frankfurt
61%
Allegiant Air McAllen
61%
Breeze Airways Norfolk
61%
Breeze Airways/Delta Connection/Frontier Airlines/JSX/Southwest Airlines/Spirit Airlines Orange County (CA)
61%
Allegiant Air Springfield/Branson
61%
Allegiant Air Fayetteville/Bentonville
57%
Allegiant Air Knoxville
57%
Allegiant Air Lexington
57%
Southwest Airlines Palm Springs
57%
WestJet Regina
57%
Avianca El Salvador San Salvador
57%
Breeze Airways Syracuse
57%
Southwest Airlines Amarillo
52%
Allegiant Air Billings
52%
Allegiant Air Destin/Fort Walton Beach
52%
Allegiant Air Fort Wayne
52%
Allegiant Air Idaho Falls
52%
Allegiant Air Laredo
52%
Breeze Airways Lincoln
52%
Allegiant Air Missoula
52%
Allegiant Air Monterey
52%
Breeze Airways Provo
52%
Southwest Airlines Santa Barbara
52%
Allegiant Air Asheville
48%
Allegiant Air Bismarck
48%
Allegiant Air Glacier Park/Kalispell
48%
Breeze Airways Grand Junction
48%
Southwest Airlines Hilo
48%
Breeze Airways Huntsville
48%
Hawaiian Airlines/Southwest Airlines Kahului
48%
Southwest Airlines Lihue
48%
Allegiant Air Appleton
43%
Alaska Airlines/Frontier Airlines Everett
43%
Allegiant Air Flint
43%
Allegiant Air Great Falls
43%
Southwest Airlines Lubbock
43%
Alaska Airlines/Southwest Airlines Puerto Vallarta
43%
Breeze Airways Redmond/Bend
43%
Allegiant Air South Bend
43%
Southwest Airlines Midland/Odessa
39%
Allegiant Air Rapid City
39%
Allegiant Air Shreveport
39%
Breeze Airways Gulfport/Biloxi
35%
Southwest Airlines Kailua-Kona
35%
Allegiant Air Medford
35%
Allegiant Air Moline/Quad Cities
35%
Allegiant Air Peoria
35%
Allegiant Air Tri-Cities (WA)
35%
Allegiant Air Bellingham
30%
WestJet Kelowna
30%
Breeze Airways Twin Falls
30%
Breeze Airways Eureka
26%
Allegiant Air Minot
26%
Allegiant Air Santa Maria (CA)
26%
JSX Santa Monica
26%
Allegiant Air Grand Island
22%
Alaska Airlines/Southwest Airlines Santa Rosa
22%
JSX Scottsdale
22%
Allegiant Air Stockton
22%
Sun Country Airlines Williston
22%
JSX Concord (CA)
17%
Sun Country Airlines Eau Claire
17%
Advanced Air Gallup
9%
Contour Airlines Merced
9%
Contour Airlines Page
9%
No matching quizzes found
Score Distribution
Percent of People with Each Score
Percentile by Number Answered
Your Score History
You have not taken this quiz since the last reset